| 000 | 00493cam a2200205u 4500 | ||
|---|---|---|---|
| 001 | 6104219 | ||
| 005 | 20180129084416.0 | ||
| 008 | 821208s1963 pau 000 0 eng | ||
| 010 | _a 63009488 | ||
| 040 |
_aDLC _cCarP _dDLC |
||
| 041 | _aeng | ||
| 080 | _a616.8 | ||
| 082 | _2616.8 MEA | ||
| 100 | 1 | _a7 | |
| 101 | _aNEU | ||
| 245 | 1 | 4 | _aThe management of the anxious patient. |
| 740 | 0 | _aAnxious patient. | |
| 906 |
_a0 _bcbc _cpremunv _du _encip _f19 _gy-gencatlg |
||
| 942 |
_2ddc _cBK |
||
| 999 |
_c41189 _d41189 |
||